000 00403nam a22001577a 4500
003 OSt
005 20260428104323.0
008 260428b |||||||| |||| 00| 0 eng d
020 _a9789354517617
040 _cIIMT COLLEGE OF PHARMACY GREATER NOIDA
100 _a JAGTAP, V.N.
245 _aCOMMUNITY PHARMACY AND MANAGEMENT
260 _aNEW DELHI
_bNIRALI
_c2025
300 _a117
942 _2ddc
_c06
999 _c68005
_d68005